[Event "Lone Pine op"]
[Site "Lone Pine"]
[Date "1979.??.??"]
[Round "7"]
[White "Kaplan, Julio P"]
[Black "Sosonko, Gennadi"]
[Result "1/2-1/2"]
[WhiteElo "2460"]
[BlackElo "2535"]

1.e4 c5 2.Nf3 d6 3.d4 cxd4 4.Nxd4 Nf6 5.Nc3 Nc6 6.Bg5 e6 7.Qd2 Be7 8.O-O-O O-O
9.f4 h6 10.Bh4 d5 11.e5 Nd7 12.Bf2 Nb6 13.g4 Bd7 14.h4 Rc8 15.g5 h5 16.g6 fxg6
17.Rg1 Bxh4 18.Nxc6 Rxc6 19.Rxg6 Be8  1/2-1/2

[Event "URS-ch47"]
[Site "Minsk"]
[Date "1979.??.??"]
[Round "?"]
[White "Tseshkovsky, Vitaly"]
[Black "Lerner, Konstantin Z"]
[Result "1/2-1/2"]
[WhiteElo "2560"]
[BlackElo "2475"]

1.e4 c5 2.Nf3 d6 3.d4 cxd4 4.Nxd4 Nf6 5.Nc3 Nc6 6.Bg5 Bd7 7.Qd2 Nxd4 8.Qxd4 Qa5
9.Bd2 Rc8 10.Nb5 Qb6 11.Qxb6 axb6 12.f3 e5 13.O-O-O d5 14.exd5 Nxd5 15.Kb1 f6
16.Bc1 Nb4 17.Nc3 Bc5 18.a3 Nc6 19.b4 Be7 20.Nd5 Bd8 21.Be3 Bf5 22.Bd3 Bxd3
23.Rxd3 e4 24.fxe4 Ne5 25.Rc3 Rxc3 26.Nxc3 Nc4 27.Bc1 Bc7 28.Ka2 Be5 29.Kb3 Nd6
30.Rd1 Kf7 31.Nd5 Rc8 32.Bf4 Rc6 33.Bxe5 fxe5 34.Nc3 Ke6 35.a4 Rc8 36.Rd3 Rf8
37.Rf3 Rf4 38.Rxf4 exf4 39.Nd5 g5 40.Nxb6 Ke5 41.Nd7+ Kxe4 42.c4 Ne8 43.c5 g4
44.Kc2 Ke3 45.b5 Nc7 46.Nf6 Kf2 47.Nxg4+ Kxg2 48.Kd3 h5 49.Nf6 h4 50.Ke4 Kxh2
51.Kf3 Kg1 52.Kxf4 Kf1 53.Ng4 Ne6+ 54.Kf5 Nxc5 55.a5 h3 56.Kg5 Ne4+ 57.Kh4 Nd6
58.a6 bxa6  1/2-1/2

[Event "Munich"]
[Site "Munich"]
[Date "1979.??.??"]
[Round "?"]
[White "Lau, Ralf"]
[Black "Robatsch, Karl"]
[Result "1/2-1/2"]
[WhiteElo "2440"]
[BlackElo "2435"]

1.e4 c5 2.Nf3 Nc6 3.d4 cxd4 4.Nxd4 Nf6 5.Nc3 d6 6.Bg5 Bd7 7.Qd2 Rc8 8.f4 h6
9.Bh4 g5 10.fxg5 hxg5 11.Bxg5 Bg7 12.Nb3 Be6 13.Be2 Nd7 14.Be3 Be5 15.O-O-O Nf6
16.Kb1 a6 17.Bf3 Bxb3 18.cxb3 e6 19.Ne2 Qa5 20.Qxa5 Nxa5 21.Nf4 Nc6 22.h3 Rh4
23.g3 Rh8 24.g4 Ke7 25.h4 Nd7 26.g5 Nf8 27.h5 Bxf4 28.Bxf4 e5 29.Be3 Ne6
30.Bg4 Rcg8 31.Bxe6 Kxe6 32.Rdf1 Ke7 33.Rf5 Nd8 34.h6 Ne6 35.Rhf1 Rh7 36.Rc1 Rhh8
37.Rcf1 Rh7 38.Bd2 Rg6 39.Rd1 f6 40.gxf6+ Rxf6 41.Rc1 Rg6 42.Re1 Nf4 43.Bxf4 exf4
44.Rxf4 Rgxh6 45.Re2 Rh1+ 46.Kc2 R1h2  1/2-1/2

[Event "Munich"]
[Site "Munich"]
[Date "1979.??.??"]
[Round "?"]
[White "Balashov, Yuri S"]
[Black "Robatsch, Karl"]
[Result "1/2-1/2"]
[WhiteElo "2600"]
[BlackElo "2435"]

1.e4 c5 2.Nf3 Nc6 3.d4 cxd4 4.Nxd4 Nf6 5.Nc3 d6 6.Bg5 Bd7 7.Be2 Qa5 8.Bxf6 gxf6
9.Nb3 Qg5 10.g3 f5 11.f4 Qg6 12.Bh5 Qe6 13.O-O Bg7 14.e5 O-O-O 15.exd6 Be8
16.Re1 Qxd6 17.Qxd6 Rxd6 18.Rad1 Bxc3 19.bxc3 Rxd1 20.Rxd1 Kc7 21.Nc5 Kb6
22.Nd3 Kc7 23.Re1 Rf8 24.Bf3 e6 25.Kf2 Nd8 26.h3 Ba4 27.Nc5 Bxc2 28.Rc1 Kd6
29.Nxb7+ Nxb7 30.Rxc2 Nc5 31.Rd2+ Ke7 32.Ke3 Rc8 33.Rc2 Rd8 34.Rd2 Rxd2 35.Kxd2 Kd6
36.g4 fxg4 37.hxg4  1/2-1/2

[Event "Marshall op"]
[Site "New York"]
[Date "1979.??.??"]
[Round "2"]
[White "Plaskett, Jim"]
[Black "Lombardy, William James"]
[Result "1-0"]
[WhiteElo "2410"]
[BlackElo "2520"]

1.e4 c5 2.Nf3 d6 3.d4 cxd4 4.Nxd4 Nf6 5.Nc3 Nc6 6.Bg5 Bd7 7.Bxf6 gxf6 8.Nf5 Qa5
9.Bb5 a6 10.Bxc6 bxc6 11.Qd3 Rb8 12.O-O Rg8 13.b4 Qc7 14.Rfd1 Rxb4 15.Rab1 Rxb1
16.Rxb1 Bc8 17.Qc4 e6 18.Nd4 Rg5 19.Nb3 f5 20.f4 Rg4 21.exf5 Bg7 22.Nd5 Rxg2+
23.Kxg2 exd5 24.Re1+ Kf8 25.Qe2 Qd8 26.Na5 Bd7 27.Qxa6 Bc3 28.Nb7 Qf6 29.Re3 Bxf5
30.Qxc6 Bd2 31.Re8+ Kg7 32.Qxd6 Be4+ 33.Rxe4 Qxd6 34.Nxd6 dxe4 35.Kg3 e3
36.Nf5+ Kf6 37.Nd4 Ke7 38.Kf3 Kd6 39.Nf5+ Kd5 40.Nxe3+ Kd4 41.Nf5+ Kc3 42.Nd6 Kxc2
43.Nxf7 Kb2 44.Ng5 h6 45.Nh7 Kxa2 46.f5 Kb3 47.f6 Kc4 48.f7 Bb4 49.Ke4 Kc3
50.h4 Kd2 51.h5 Ke2 52.f8=Q Bxf8 53.Nxf8 Kf2 54.Kf5 Kg2 55.Kg6  1-0

[Event "Marshall op"]
[Site "New York"]
[Date "1979.??.??"]
[Round "10"]
[White "Plaskett, Jim"]
[Black "Formanek, Edward W"]
[Result "1/2-1/2"]
[WhiteElo "2410"]
[BlackElo "2410"]

1.e4 c5 2.Nf3 d6 3.d4 cxd4 4.Nxd4 Nf6 5.Nc3 Nc6 6.Bg5 e6 7.Qd2 a6 8.O-O-O Bd7
9.f4 Be7 10.Nf3 b5 11.Bxf6 gxf6 12.f5 O-O 13.g4 Kh8 14.Rg1 Rg8 15.Ne2 Qa5
16.Qxa5 Nxa5 17.Nf4 Bc6 18.fxe6 fxe6 19.Nd4 Bxe4 20.Ndxe6 Rac8 21.Bd3 Bf3
22.Be2 Be4 23.Bd3 Bf3 24.Be2 Be4 25.c3 Nc6 26.Nd5 Bxd5 27.Rxd5 Ne5 28.Rg3 Rc6
29.a3 Re8 30.Bd3 Nxd3+ 31.Rgxd3 Rc4 32.R3d4 Rec8 33.Kd2 Kg8 34.Rxc4 Rxc4
35.Nd4 Rc5 36.Rf5 Kf7 37.Kd3 Bd8 38.Ke4 Re5+ 39.Kf4 Re1 40.Rh5 Kg8 41.Nc6 Bc7
42.Kf5 Kg7 43.g5 fxg5 44.Rxg5+ Kf7 45.Rh5 Kg7 46.Rg5+ Kf7 47.Rg2 Rd1 48.Kg5 Bb6
49.Re2 Rg1+ 50.Kh6 Rh1 51.Kxh7 Bg1 52.Re7+ Kf6 53.Kg8 Rxh2 54.Re1 Rg2+ 55.Kf8 Bh2
56.Rb1 Be5 57.Ke8 Rg8+ 58.Kd7 Rg7+ 59.Kc8 Ke6 60.Re1 Rg2 61.Rb1 Rg7 62.Re1 Rg2
63.Nd4+ Kd5 64.Re2 Rxe2 65.Nxe2 Kc4 66.Kb7 Kb3 67.Kxa6 Kxb2 68.Kxb5 Kxa3
69.c4 Kb3 70.Nc1+ Kc3 71.Na2+ Kb3 72.Nb4 Bh2 73.Nd5 Bg3 74.Nf6 Bh2 75.Nd7 Bg3  1/2-1/2

[Event "Sochi"]
[Site "Sochi"]
[Date "1979.??.??"]
[Round "?"]
[White "Barczay, Laszlo"]
[Black "Ivanovic, Bozidar"]
[Result "1/2-1/2"]
[WhiteElo "2470"]
[BlackElo "2460"]

1.e4 c5 2.Nf3 d6 3.d4 cxd4 4.Nxd4 Nf6 5.Nc3 Nc6 6.Bg5 e6 7.Qd2 a6 8.O-O-O Bd7
9.f4 Be7 10.Nf3 b5 11.Bd3 b4 12.Ne2 Qc7 13.Kb1 O-O 14.Ng3 Rfb8 15.Bxf6 Bxf6
16.e5 dxe5 17.Nh5 Be7 18.fxe5 Be8 19.Rhe1 b3 20.cxb3 Rd8 21.a3 Rab8 22.Qc2 h6
23.Re4 Qb6 24.Ka2 Rbc8 25.Rc4 Na5 26.Rc3 Rxc3 27.bxc3 Rc8 28.Nf4 Nc6 29.Qb2 a5
30.a4 Qe3 31.Qd2 Qc5 32.Bc4 Nxe5 33.Nxe5 Qxe5 34.Ng6 fxg6 35.Re1 Qb8 36.Bxe6+ Bf7
37.Bxf7+ Kxf7 38.Qd7 Re8 39.Qe6+  1/2-1/2

[Event "URS-ch (Women)"]
[Site "Tbilisi"]
[Date "1979.??.??"]
[Round "7"]
[White "Akhmilovskaya, Elena"]
[Black "Minogina, Tanam"]
[Result "1/2-1/2"]
[WhiteElo "2295"]
[BlackElo "2000"]

1.e4 c5 2.Nf3 d6 3.d4 cxd4 4.Nxd4 Nf6 5.Nc3 Nc6 6.Bg5 e6 7.Qd2 a6 8.O-O-O Bd7
9.f4 b5 10.Bxf6 gxf6 11.Kb1 Qb6 12.Nce2 O-O-O 13.f5 h5 14.Nxc6 Qxc6 15.Qd3 Kb8
16.Nf4 Bc8 17.Be2 h4 18.fxe6 fxe6 19.Ng6 Rg8 20.Nxh4 Bh6 21.Bf3 Bg5 22.g3 Bxh4
23.gxh4 Bb7 24.Rhf1 Qc5 25.Qe2 Qe5 26.a3 Rc8 27.Qd2 Rgd8 28.h5 Rc4 29.Be2 Rxe4
30.Bd3 Rh4 31.Bg6 Rxh2 32.Qe1 Rf8 33.Qb4 Qc5 34.Rxd6 Qxb4 35.axb4 Bd5 36.Rd7 f5
37.Re7 Kc8 38.Bf7 Kd8 39.Ra7 Kc8 40.Re1 Kb8 41.Re7 Be4  1/2-1/2

[Event "URS-ch (Women)"]
[Site "Tbilisi"]
[Date "1979.??.??"]
[Round "9"]
[White "Alexandria, Nana"]
[Black "Fatalibekova, Elena"]
[Result "1/2-1/2"]
[WhiteElo "2340"]
[BlackElo "2290"]

1.e4 c5 2.Nf3 Nc6 3.d4 cxd4 4.Nxd4 Nf6 5.Nc3 d6 6.Bg5 e6 7.Qd2 a6 8.O-O-O Bd7
9.f4 Be7 10.Nf3 b5 11.Bxf6 gxf6 12.f5 Qb6 13.Kb1 O-O-O 14.Ne2 Kb8 15.Nf4 Bc8
16.Qe1 Rhe8 17.g3 Bf8 18.fxe6 fxe6 19.Nh5 Ne5 20.Nd4 f5 21.exf5 Bb7 22.Be2 exf5
23.Rf1 Ng4 24.Nxf5 Nxh2 25.Qf2 Qxf2 26.Rxf2 Rxe2 27.Rxe2 Bf3 28.Rde1 Bxe2
29.Rxe2 Ng4 30.Re4 Ne5 31.Nf6 h6 32.a4 Kb7 33.axb5 axb5 34.Nh7 Kb6 35.Kc1 Re8
36.Nf6 Ra8 37.b3 Ra1+ 38.Kd2 Rf1 39.Ne3 Rf2+ 40.Ke1 Rf3 41.Nfd5+ Kc6 42.Rf4 Rxf4
43.Nxf4 Be7 44.Ke2 Bg5 45.Ne6 Bxe3 46.Kxe3 Kd5 47.Nf4+ Kc5 48.Ke4 Ng4 49.Nd3+ Kc6
50.Nf4 Kc5 51.c3 Nf2+ 52.Ke3 Nd1+ 53.Kd2 Nf2 54.Ke3 Ng4+ 55.Kd2 Nf2 56.Ne2 d5
57.Ke3 Nd1+  1/2-1/2

[Event "CSR-ch"]
[Site "Trencianske Teplice"]
[Date "1979.??.??"]
[Round "2"]
[White "Jansa, Vlastimil"]
[Black "Barczay, Laszlo"]
[Result "1/2-1/2"]
[WhiteElo "2495"]
[BlackElo "2470"]

1.e4 c5 2.Nf3 d6 3.d4 cxd4 4.Nxd4 Nf6 5.Nc3 Nc6 6.Bg5 a6 7.Qd2 Nxd4 8.Qxd4 Qa5
9.f4 e6 10.O-O-O Nd7 11.Kb1 Qc5 12.Qd2 b5 13.Bd3 Nb6 14.f5 Na4 15.Nxa4 bxa4
16.Be3 Qc7 17.fxe6 fxe6 18.Rhe1 Rb8 19.Bd4 e5 20.Bc3  1/2-1/2

[Event "URS Spartakiad"]
[Site "URS"]
[Date "1979.??.??"]
[Round "?"]
[White "Polovodin, Igor A"]
[Black "Figler, I."]
[Result "1-0"]
[WhiteElo "2355"]
[BlackElo "2200"]

1.e4 c5 2.Nf3 Nc6 3.d4 cxd4 4.Nxd4 Nf6 5.Nc3 d6 6.Bg5 e6 7.Qd2 a6 8.O-O-O Bd7
9.f4 b5 10.Bxf6 gxf6 11.Nxc6 Bxc6 12.Qe3 Qe7 13.Bd3 Qa7 14.Qe1 O-O-O 15.Kb1 Qc5
16.Rf1 Kb7 17.f5 Qe5 18.Qh4 Be7 19.Rfe1 Rdg8 20.Nd5 Bd8 21.Nf4 h5 22.g3 Rg5
23.c3 Bd7 24.Bc2 Rg4 25.Qxg4 hxg4 26.Nd3 Kc7 27.Nxe5 fxe5 28.fxe6 fxe6 29.Rd2 Bg5
30.Rf2 Be7 31.Bd1 Rg8 32.Rf7 Kd8 33.Rh7 Be8 34.Rh6 Kd7 35.Rxe6 Rg5 36.Rh6 Bf7
37.Bb3 Bg6 38.Rh8  1-0

[Event "URS Spartakiad"]
[Site "URS"]
[Date "1979.??.??"]
[Round "?"]
[White "Kolpakov, M."]
[Black "Press, Grigory"]
[Result "0-1"]
[WhiteElo "2200"]
[BlackElo "2200"]

1.e4 c5 2.Nf3 Nc6 3.d4 cxd4 4.Nxd4 Nf6 5.Nc3 d6 6.Bg5 Qb6 7.Nb3 e6 8.Bxf6 gxf6
9.Qh5 a6 10.Be2 Bd7 11.O-O Nd4 12.Bd3 Nxb3 13.axb3 Rc8 14.Kh1 Qc5 15.Qe2 h5
16.f4 Be7 17.Rf3 Bd8 18.Rh3 h4 19.f5 Bb6 20.Rf1 Ke7 21.Qe1 Ba5 22.Rxh4 Bxc3
23.bxc3 Rxh4 24.Qxh4 Qxc3 25.fxe6 Bxe6 26.Qf2 a5 27.h4 Rc5 28.Qf3 Qe5 29.Qf4 Qxf4
30.Rxf4 b5 31.Rf1 a4 32.bxa4 bxa4 33.Ra1 Bd7 34.Ra3 Ke6 35.Kg1 Ke5 36.Kf2 Ra5
37.Ke3 Bg4 38.g3 f5 39.exf5 d5 40.c3 Bxf5 41.Bxf5 Kxf5 42.Kd4 Kg4 43.c4 dxc4
44.Kxc4 f5 45.Kb4 Ra8 46.Rxa4 Rb8+ 47.Kc5+ Kxg3 48.Kd5 Re8 49.h5 f4 50.h6 f3
51.Ra7 f2 52.Rg7+ Kf3  0-1

[Event "URS Spartakiad"]
[Site "URS"]
[Date "1979.??.??"]
[Round "?"]
[White "Lanka, Zigurds"]
[Black "Panchenko, Alexander N"]
[Result "0-1"]
[WhiteElo "2440"]
[BlackElo "2485"]

1.e4 c5 2.Nf3 Nc6 3.d4 cxd4 4.Nxd4 Nf6 5.Nc3 d6 6.Bg5 e6 7.Qd2 a6 8.O-O-O Bd7
9.f4 b5 10.Bxf6 gxf6 11.Nxc6 Bxc6 12.Qe1 Be7 13.Bd3 Qb6 14.Kb1 Qc5 15.Rc1 h5
16.Qe2 Kd7 17.Rhf1 Rag8 18.g3 Bd8 19.e5 f5 20.exd6 Bf6 21.Nd1 h4 22.Qe1 hxg3
23.hxg3 Kxd6 24.a3 Rh2 25.Qa5 Rb8 26.Re1 Bd8 27.Qc3 Qxc3 28.Nxc3 Bf6 29.Ne2 a5
30.c3 b4 31.axb4 axb4 32.c4 Kc5 33.Rc2 Ba4 34.Rd2 Bd4 35.b3 Bc6 36.Ra2 Ra8
37.Rxa8 Bxa8 38.Nxd4 Kxd4 39.Bc2 Bf3 40.Rc1 Rg2 41.c5 Rxg3  0-1

[Event "URS Spartakiad"]
[Site "URS"]
[Date "1979.??.??"]
[Round "?"]
[White "Gipslis, Aivars"]
[Black "Veingold, Aleksandr"]
[Result "0-1"]
[WhiteElo "2525"]
[BlackElo "2370"]

1.e4 c5 2.Nf3 d6 3.d4 cxd4 4.Nxd4 Nf6 5.Nc3 Nc6 6.Bg5 e6 7.Qd2 a6 8.O-O-O h6
9.Be3 Bd7 10.f3 b5 11.Nxc6 Bxc6 12.Ne2 Qc7 13.Nd4 Bd7 14.g4 g6 15.Kb1 Rc8
16.Nb3 e5 17.Qf2 Be6 18.Bd3 d5 19.h3 Be7 20.Rhe1 dxe4 21.fxe4 h5 22.Nc5 Bxc5
23.Qxf6 Rh7 24.Bxc5 Qxc5 25.Qh4 Kf8 26.Qg3 a5 27.c3 Kg7 28.Be2 b4 29.c4 h4
30.Qf3 Rhh8 31.g5 Qe7 32.Qe3 Bxc4 33.Bxc4 Rxc4 34.Rd5 Rhc8 35.Rxa5 Rd4 36.Rd5 Rd8
37.Rxd8 Qxd8 38.Kc2 Qc8+ 39.Kb1 Qd7 40.Qf3 Rd3 41.Qf6+ Kh7 42.Rc1 Rxh3 43.Qxe5 Qd3+  0-1

[Event "URS Spartakiad"]
[Site "URS"]
[Date "1979.??.??"]
[Round "?"]
[White "Sideif Sade, Fikret I"]
[Black "Shevelev, Sergei"]
[Result "1-0"]
[WhiteElo "2320"]
[BlackElo "2200"]

1.e4 c5 2.Nf3 d6 3.d4 cxd4 4.Nxd4 Nf6 5.Nc3 Nc6 6.Bg5 e6 7.Qd2 Be7 8.O-O-O O-O
9.f4 h6 10.Bxf6 Bxf6 11.Ndb5 e5 12.g3 Bg4 13.Be2 Bxe2 14.Qxe2 a6 15.Rxd6 Qb8
16.Rxf6 gxf6 17.Qg4+ Kh8 18.Qh4 Kg7 19.Nd5 axb5 20.Qxf6+ Kg8 21.Qxh6 f6 22.Qg6+ Kh8
23.Nxf6 Rxf6 24.Qxf6+ Kg8 25.Rd1 Qa7 26.Qg5+ Kh8 27.f5 Rf8 28.Qh6+ Kg8 29.Qg6+ Kh8
30.f6 b6 31.Qh6+ Kg8 32.Rd6 Rf7 33.Rxc6 Qb7 34.Re6 Qa8 35.Rxe5 Rh7 36.f7+  1-0

[Event "URS Spartakiad"]
[Site "URS"]
[Date "1979.??.??"]
[Round "?"]
[White "Timoshchenko, Gennadi A"]
[Black "Chechelian, S."]
[Result "1/2-1/2"]
[WhiteElo "2530"]
[BlackElo "2200"]

1.e4 c5 2.Nf3 Nc6 3.d4 cxd4 4.Nxd4 Nf6 5.Nc3 d6 6.Bg5 e6 7.Qd2 a6 8.O-O-O h6
9.Be3 Nxd4 10.Bxd4 b5 11.Qe1 Be7 12.e5 dxe5 13.Bxe5 Qa5 14.a3 Bb7 15.f3 Rd8
16.Rxd8+ Qxd8 17.Bd3 Bd6 18.Bxd6 Qxd6 19.Qh4 O-O 20.Rd1 Qb6 21.Be2 Qe3+ 22.Kb1 Rc8
23.Bf1 Qe5 24.h3 Nd5 25.Nxd5 Bxd5 26.Qd4  1/2-1/2

[Event "URS Spartakiad"]
[Site "URS"]
[Date "1979.??.??"]
[Round "?"]
[White "Timoshchenko, Gennadi A"]
[Black "Makarichev, Sergey"]
[Result "0-1"]
[WhiteElo "2530"]
[BlackElo "2500"]

1.e4 c5 2.Nf3 d6 3.d4 cxd4 4.Nxd4 Nf6 5.Nc3 Nc6 6.Bg5 e6 7.Qd2 a6 8.O-O-O h6
9.Be3 Nxd4 10.Bxd4 b5 11.Bd3 Bb7 12.f4 Be7 13.Rhe1 O-O 14.g4 e5 15.fxe5 Nxg4
16.Qg2 Nxe5 17.Rg1 Bf6 18.Kb1 g6 19.Qh3 Bg7 20.Bxe5 Bxe5 21.Qxh6 Bg7 22.Qf4 Qf6
23.Qxf6 Bxf6 24.Nd5 Bxd5 25.exd5 Kg7 26.Rg4 Rh8 27.Rf1 Ra7 28.Rf2 Rh5 29.c4 bxc4
30.Bxc4 Be5 31.Rgg2 Rh4 32.b3 a5 33.Kc2 Ra8 34.Bb5 Rah8 35.a3 Rh3 36.Bd3 Rxh2
37.b4 axb4 38.axb4 Rxg2 39.Rxg2 Rh2 40.Rxh2 Bxh2 41.Kb3 Kf6 42.Ka4 Ke5 43.Kb5 g5
44.Kc6 g4 45.b5 Bg1 46.Be2 f5 47.Bd1 Bc5 48.Be2 Ke4  0-1

[Event "URS Spartakiad"]
[Site "URS"]
[Date "1979.??.??"]
[Round "?"]
[White "Vetemaa, Juri"]
[Black "Lanka, Zigurds"]
[Result "1/2-1/2"]
[WhiteElo "2200"]
[BlackElo "2440"]

1.e4 c5 2.Nf3 Nc6 3.d4 cxd4 4.Nxd4 Nf6 5.Nc3 d6 6.Bg5 e6 7.Qd2 a6 8.O-O-O h6
9.Be3 Be7 10.f4 Bd7 11.h3 b5 12.Bd3 Qc7 13.Kb1 Nxd4 14.Bxd4 Bc6 15.Rde1 b4
16.Nd1 d5 17.e5 Ne4 18.Bxe4 dxe4 19.Nf2 a5 20.Qe3 a4 21.Nxe4 Bxe4 22.Qxe4 O-O
23.Re3 Rac8 24.Rc1 Rfd8 25.Rd3 Qc4 26.Qe3 Rd5 27.Bb6 Rb5 28.Qd4 Qc6 29.Qd7 Rxb6
30.Qxe7 Rb7 31.Rd8+ Rxd8 32.Qxd8+ Kh7 33.Qd2 g6 34.g3 Qc5 35.c4 bxc3 36.Qxc3 Qf2
37.Qc2 Qd4 38.Qc3 Qf2 39.Qc2 Qxg3 40.Qxa4 Qxh3  1/2-1/2

[Event "JUG-URS"]
[Site "URS"]
[Date "1979.??.??"]
[Round "?"]
[White "Marjanovic, Slavoljub"]
[Black "Kupreichik, Viktor D"]
[Result "0-1"]
[WhiteElo "2505"]
[BlackElo "2365"]

1.e4 c5 2.Nf3 d6 3.d4 cxd4 4.Nxd4 Nf6 5.Nc3 Nc6 6.Bg5 e6 7.Qd2 a6 8.O-O-O Bd7
9.f4 h6 10.Bxf6 Qxf6 11.Nf3 Qd8 12.Kb1 Be7 13.h4 Qb6 14.Rh3 O-O-O 15.Qe1 Kb8
16.Nd2 Qa7 17.Nc4 d5 18.Rhd3 dxc4 19.Rxd7 Rxd7 20.Rxd7 Qg1 21.Rd1 b5 22.Qg3 Rd8
23.Rc1 Qd4 24.Be2 g6 25.a3 h5 26.Rd1 Qb6 27.f5+ Qc7 28.Rxd8+ Bxd8 29.Qh3 Nd4
30.fxg6 fxg6 31.Bd1 Qf4 32.g4 Qf2 33.gxh5 gxh5 34.Ka2 a5 35.Nxb5 Nxb5 36.Qxe6 Qc5
37.Qe8 Kc7 38.Bxh5 Nd6 39.Qh8 c3 40.Qg7+ Kb6 41.Be2 Nxe4 42.Qg8 Qd4 43.Bf3 Nc5
44.bxc3 Qxh4 45.Qd5 Qf6 46.Kb1 Bc7 47.Bg2 Qd6 48.Qd4 Qe7 49.Qd5 Qd7 50.Qd4 Qb5+
51.Ka1 Qe8 52.Qf6+ Qe6 53.Qd4 Bd6 54.Kb2 Be7 55.Qh8 Na4+ 56.Kb1 Qe1+ 57.Ka2 Nxc3+
58.Kb3 Qe6+  0-1

[Event "Bayamo"]
[Site "Bayamo"]
[Date "1980.??.??"]
[Round "?"]
[White "Rodriguez, Amador"]
[Black "Armas, Jorge"]
[Result "1/2-1/2"]
[WhiteElo "2420"]
[BlackElo "2415"]

1.e4 c5 2.Nf3 Nc6 3.d4 cxd4 4.Nxd4 Nf6 5.Nc3 d6 6.Bg5 e6 7.Qd2 Be7 8.O-O-O O-O
9.f4 Nxd4 10.Qxd4 Qa5 11.Bc4 Bd7 12.e5 dxe5 13.fxe5 Bc6 14.Bd2 Nd7 15.Nd5 Qd8
16.Nxe7+ Qxe7 17.Rhe1 Nb6 18.Bd3 Rfd8 19.Qg4 Rxd3 20.cxd3 Ba4 21.b3 Qa3+
22.Kb1 Bxb3 23.axb3 Qxb3+ 24.Ka1 Qa3+ 25.Kb1 Qb3+ 26.Ka1 Qa3+ 27.Kb1 Qb3+  1/2-1/2

[Event "Berlin tt"]
[Site "Berlin-West"]
[Date "1980.??.??"]
[Round "?"]
[White "Sande, Oystein"]
[Black "Kestler, Hans Guenther"]
[Result "0-1"]
[WhiteElo "2340"]
[BlackElo "2400"]

1.e4 c5 2.Nf3 d6 3.d4 cxd4 4.Nxd4 Nf6 5.Nc3 Nc6 6.Bg5 e6 7.Be2 Be7 8.O-O O-O
9.Qd2 a6 10.Rad1 Nxd4 11.Qxd4 Qa5 12.Be3 b5 13.a3 Bb7 14.e5 dxe5 15.Qxe5 Rac8
16.Rd3 Ne8 17.Bd4 Bf6 18.Qg3 b4 19.Bxf6 Nxf6 20.axb4 Qxb4 21.Nd1 Rxc2 22.Rb3 Qe7
23.Nc3 Ne4 24.Nxe4 Rxe2 25.Nc3 Rd2 26.Nb1 Rd5 27.Qf4 Rfd8 28.Qb4 Qxb4 29.Rxb4 Rb5
30.Rxb5 axb5 31.Nc3 b4 32.Rd1 Rxd1+ 33.Nxd1 Kf8 34.f3 Ke7 35.Nf2 Ba6 36.Ne4 f5
37.Nd2 Kd6 38.Kf2 e5 39.g3 f4 40.Ne4+ Kd5 41.Ke1 Bd3 42.Nf2 Bf5 43.gxf4 exf4
44.h4 Ke5 45.Kd2 Kd4 46.Ke2 Ke5 47.Kd2 Kf6 48.Ke2 h6 49.Kd2 Kg6 50.Ke2 Kh5
51.Kf1 Kxh4 52.Kg2 Kg5 53.Kf1 Kf6 54.Ke2 Ke5 55.Kd2 Kd4 56.b3 h5  0-1

[Event "COL-ch"]
[Site "Bogota"]
[Date "1980.??.??"]
[Round "?"]
[White "Campora, Daniel H"]
[Black "Mendoza, Rafael"]
[Result "1-0"]
[WhiteElo "2415"]
[BlackElo "2200"]

1.e4 c5 2.Nf3 d6 3.d4 cxd4 4.Nxd4 Nf6 5.Nc3 Nc6 6.Bg5 Qa5 7.Bb5 Bd7 8.Nb3 Qd8
9.Bxf6 gxf6 10.Qh5 a6 11.Be2 Rg8 12.O-O e6 13.a4 Rg6 14.f4 Rh6 15.Qf3 Qc7
16.a5 O-O-O 17.Qf2 Kb8 18.Rfd1 Be7 19.Bf3 Rg6 20.Rd3 h5 21.Qd2 Rdg8 22.Na4 h4
23.Nb6 Be8 24.Kh1 f5 25.exf5 Rf6 26.fxe6 fxe6 27.c4 Rgf8 28.Nd4 h3 29.Bxc6 Bxc6
30.Nxc6+ Qxc6 31.Rxh3 Rxf4 32.Rh8 Rxh8 33.Qxf4 Bd8 34.Re1 Bxb6 35.axb6 e5
36.Rxe5 Rc8 37.Re6  1-0

[Event "Capablanca mem-B"]
[Site "Cienfuegos"]
[Date "1980.??.??"]
[Round "?"]
[White "Ochoa de Echaguen, F Javier"]
[Black "Fernandez Garcia, Jose L"]
[Result "1/2-1/2"]
[WhiteElo "2410"]
[BlackElo "2390"]

1.e4 c5 2.Nf3 d6 3.d4 cxd4 4.Nxd4 Nf6 5.Nc3 Nc6 6.Bg5 e6 7.Qd2 a6 8.O-O-O Bd7
9.f3 Be7 10.Be3 b5  1/2-1/2

[Event "Wch U20"]
[Site "Dortmund"]
[Date "1980.??.??"]
[Round "3"]
[White "Arnason, Jon L"]
[Black "Zueger, Beat"]
[Result "1-0"]
[WhiteElo "2435"]
[BlackElo "2235"]

1.e4 c5 2.Nf3 Nc6 3.d4 cxd4 4.Nxd4 Nf6 5.Nc3 d6 6.Bg5 e6 7.Qd3 Be7 8.Rd1 O-O
9.Be2 Nxd4 10.Qxd4 Bd7 11.O-O Bc6 12.Kh1 Qc7 13.f4 Rfd8 14.Qe3 a6 15.Bf3 Ne8
16.Bxe7 Qxe7 17.a4 b5 18.axb5 axb5 19.e5 Qb7 20.Ne4 dxe5 21.fxe5 Qc7 22.Ng5 Bxf3
23.Qxf3 Rxd1 24.Rxd1 Ra7 25.Qd3 g6 26.Qxb5 Qd8 27.Rf1 Qxg5 28.Qxe8+ Kg7 29.Qb5 Rc7
30.c3 h5 31.h3 Ra7 32.Qc5 Rd7 33.Qc6 Ra7 34.Qe4 Qd2 35.Qd4 Qe2 36.Qf2 Qxf2
37.Rxf2 Ra1+ 38.Kh2 Re1 39.b4 Rxe5 40.Rb2 Rb5 41.c4 Rb8 42.b5 Kf6 43.c5 Ke5
44.Kg3 g5 45.h4 g4 46.c6 Kd6 47.Kf4 f6 48.Rc2 Kc7 49.Rc5 Rh8 50.Ke4 Kb6 51.Kd4 Rd8+
52.Kc4 Rh8 53.Kb4 Rh7 54.Rc1 Ra7 55.Rc2 Ra8 56.Rc5 Rh8 57.Rc2 Ra8 58.c7 Rc8
59.Rc6+ Kb7 60.Kc5 Rxc7 61.Kd6 Rg7 62.Kxe6 g3 63.Rc4 Kb6 64.Kxf6 Kxb5 65.Rf4 Rg8
66.Rf5+ Kc4 67.Rg5 Rxg5 68.Kxg5 Kd3 69.Kxh5 Ke3 70.Kg4 Kf2 71.Kh3  1-0

[Event "Hamburg HSK"]
[Site "Hamburg"]
[Date "1980.??.??"]
[Round "4"]
[White "Cuartas, Carlos"]
[Black "Jacoby, Gisbert"]
[Result "1/2-1/2"]
[WhiteElo "2420"]
[BlackElo "2250"]

1.e4 c5 2.Nf3 Nc6 3.d4 cxd4 4.Nxd4 Nf6 5.Nc3 d6 6.Bg5 Bd7 7.Qd2 Rc8 8.f4 h6
9.Bxf6 gxf6 10.O-O-O Nxd4 11.Qxd4 Qa5 12.Be2 Qc5 13.Qxc5 Rxc5 14.Rd5 Rxd5
15.Nxd5 f5 16.exf5 Bxf5 17.Re1 Kd8 18.Bh5 Be6 19.c4 Rg8 20.g3 Kd7 21.Re3 Bg7
22.Bxf7 Bxd5 23.Bxd5 Rb8 24.a4 b6 25.Re6 Bf6 26.Kc2 Rh8 27.b3 Rh7 28.Kd3 h5
29.Ke4 Rg7 30.Kf3 Rh7 31.Re2 a5 32.h3 Rh6 33.Be4 e6 34.f5 Be5 35.Rd2 Ke7
36.fxe6 Kxe6 37.Rd5 Rh8 38.Rb5 Bd4 39.Rf5 Be5 40.Rg5 Bf6 41.Bd5+ Ke7 42.Rf5 Rh7
43.h4 Be5 44.Rg5 Rg7 45.Rxg7+ Bxg7 46.Bc6 Be5 47.Kg2 Kf7 48.Kf3  1/2-1/2

[Event "ISL-ch"]
[Site "?"]
[Date "1980.??.??"]
[Round "?"]
[White "Gudmundsson, Kristjan"]
[Black "Gunnarsson, Gunnar K"]
[Result "1/2-1/2"]
[WhiteElo "2220"]
[BlackElo "2280"]

1.e4 c5 2.Nf3 d6 3.d4 cxd4 4.Nxd4 Nf6 5.Nc3 Nc6 6.Bg5 e6 7.Qd2 Be7 8.O-O-O a6
9.f4 O-O 10.f5 Nxd4 11.Qxd4 exf5 12.e5 Ne4 13.Bxe7 Qxe7 14.exd6 Qg5+ 15.Kb1 Nxc3+
16.Qxc3 Bd7 17.Be2 Rac8 18.Qd4 f4 19.Bf3 b5 20.Qd5 Qf6 21.Rhe1 Rfd8 22.Qd4 Qh6
23.Bb7 Rb8 24.Qb6 Bg4 25.Rd3 Qxh2 26.Qc7 Qh4 27.Qe7 g5 28.g3 Qh6 29.gxf4 Rd7
30.Bc6 Rxe7 31.dxe7 Qxc6 32.Rd8+ Qe8 33.Rxb8 Qxb8 34.e8=Q+ Qxe8 35.Rxe8+ Kg7
36.fxg5 Bf5 37.Kc1 Kg6 38.Rf8 Kxg5 39.Rxf7 h5 40.Kd2 h4 41.Ke3 Bxc2 42.Ra7 Kg4
43.Kf2 h3 44.Rxa6 Be4 45.Rh6 Bb1 46.a3 Bf5 47.Rb6 h2 48.Rh6  1/2-1/2

[Event "Krasnodar"]
[Site "Krasnodar"]
[Date "1980.??.??"]
[Round "?"]
[White "Petrushin, Alexander I"]
[Black "Mochalov, Evgeny V"]
[Result "1-0"]
[WhiteElo "2390"]
[BlackElo "2455"]

1.e4 c5 2.Nf3 Nc6 3.d4 cxd4 4.Nxd4 Nf6 5.Nc3 d6 6.Bg5 e6 7.Qd2 a6 8.O-O-O h6
9.Be3 Bd7 10.f4 b5 11.Bd3 Be7 12.h3 Nxd4 13.Bxd4 Bc6 14.Qf2 b4 15.Ne2 Qc7
16.Ng3 Qb7 17.Rhe1 Rc8 18.e5 dxe5 19.fxe5 Nd7 20.Nh5 Rf8 21.Nxg7+ Kd8 22.Nh5 Bxg2
23.Nf6 Bxf6 24.exf6 Bf3 25.Bxa6 Qxa6 26.Qxf3 Qc4 27.Rd2 Rg8 28.Qb7 Ke8 29.b3 Rc7
30.Qa8+ Rc8 31.Qa4 Qc7 32.Qxb4 Nc5 33.Kb1 Rg5 34.Red1 Ne4 35.Re2 Ng3 36.Rg2 Ne4
37.Rh2 Rd5 38.c4 Rd7 39.Re2 Nxf6 40.Qe1 Qd8 41.Red2 Rb7 42.Qe5  1-0

[Event "Malta ol (Men)"]
[Site "La Valetta"]
[Date "1980.??.??"]
[Round "?"]
[White "Acosta, Alejandro"]
[Black "Luk Luen Wah"]
[Result "1-0"]
[WhiteElo "2210"]
[BlackElo "2200"]

1.e4 c5 2.Nf3 Nc6 3.d4 cxd4 4.Nxd4 Nf6 5.Nc3 d6 6.Bg5 e6 7.Qd2 Be7 8.O-O-O a6
9.f4 Bd7 10.Nf3 b5 11.Bxf6 Bxf6 12.Qxd6 Be7 13.Qd2 b4 14.Na4 Ra7 15.Qe3 Qa5
16.b3 Rb7 17.Nd2 Nb8 18.Nc4 Qc7 19.Nab2 Bb5 20.e5 O-O 21.Bd3 Nd7 22.Nd6 Bxd6
23.exd6 Qb6 24.Qxb6 Rxb6 25.Bxb5 Rxb5 26.Nc4 Rd8 27.Rd4 a5 28.Kb2 Kf8 29.Ra1 Nb6
30.a3 Nxc4+ 31.bxc4 bxa3+ 32.Kc3 Rc5 33.Rxa3 Rd7 34.Rb3 f6 35.Rb5 Rc6 36.c5 e5
37.fxe5 fxe5 38.Rd5 Kf7 39.Kd3  1-0

[Event "Malta ol (Men)"]
[Site "La Valetta"]
[Date "1980.??.??"]
[Round "?"]
[White "Garcia, Gildardo"]
[Black "Liu Wenzhe"]
[Result "1/2-1/2"]
[WhiteElo "2440"]
[BlackElo "2430"]

1.e4 c5 2.Nf3 d6 3.d4 cxd4 4.Nxd4 Nf6 5.Nc3 Nc6 6.Bg5 e6 7.Qd2 a6 8.O-O-O Qb6
9.Be3 Qc7 10.f3 Be7 11.g4 O-O 12.g5 Nd7 13.h4 Nde5 14.f4 Nxd4 15.Qxd4 Ng4
16.Bg1 b5 17.Be2 Rb8 18.Bxg4 b4 19.e5 dxe5 20.Qxe5 Qxe5 21.fxe5 bxc3 22.b3 Rb4
23.Bf3 Rxh4 24.Be3 Rxh1 25.Bxh1 Rd8 26.Rxd8+ Bxd8 27.Kd1 a5 28.a4 Ba6 29.Ke1 Be7
30.Kf2 h6 31.gxh6 Bh4+ 32.Kg1 gxh6 33.Be4 Be7 34.Bxh6 Bc5+ 35.Kg2 Bd4 36.Bf4 Be2
37.Bf3 Ba6 38.Bc6 Be2 39.Bf3 Ba6 40.Kg3 Kg7  1/2-1/2